• 首页
  • 本馆介绍
  • 公告通知
  • 最新文献
  • 馆藏检索
  • 电子资源
  • 读者导购
  • 参考咨询
  • 我的图书馆
  • 登录
  • 详细信息显示
  • 放入我的书架
  • 预约/预借图书
  • 作者相关作品
  • 分类相关作品
  • 丛书相关作品
  • 出版社相关作品

书目信息

  • 表格格式
  • 工作单格式
  • 卡片格式
题名:
共产国际与当代西方社会民主党若干问题研究
    
 
作者: 程玉海 , 林建华 著
分册:  
出版信息: 北京   中国工人出版社  2000
页数: 360页
开本: 20cm
丛书名:
单 册:
中图分类: D16
科图分类:
主题词: 社会民主党
电子资源:
ISBN: 7-5008-2331-2
000 01156nam0 2200265 450
001 1259965968
005 20121004164053.89
010    @a7-5008-2331-2@dCNY17.00
100    @a20000706d2000 km y0chiy0110 ea
101 0  @achi
102    @aCN@b110000
105    @ay z 000yy
200 1  @a共产国际与当代西方社会民主党若干问题研究@Agong chan guo ji yu dang dai xi fang she hui min zhu dang ruo gan wen ti yan jiu@f程玉海,林建华著
210    @a北京@c中国工人出版社@d2000
215    @a360页@d20cm
314    @a程玉海(1954~),生于山东聊城,聊城师范学院院长、教授,中国国际共运史学会常务理事,山东省国际政治与国际共运学会副会长,主要著作有《共产国际历史新编》、《青年共产国际史》等。
314    @a林建华(1966~),生于山东莘县,聊城师范学院世界共运研究所所长、教授,山东省国际政治与国际共运学会常务理事兼副秘书长,主要著作有《当代西欧社会民主党论纲》、《社会党国际论纲》等。
601 0  @a共产国际@x关系@x社会民主党@x西方国家
601 0  @2CT@3S026307@a共产国际
606 0  @a社会民主党
690    @aD16@v4
701  0 @a程玉海@Acheng yu hai@4著
701  0 @a林建华@Ali jian hua@f(1966~)@4著
801  0 @aCN@bNLC@c20101222
905    @a10447@dD16@eJY7
    
    共产国际与当代西方社会民主党若干问题研究/程玉海,林建华著.-北京:中国工人出版社,2000
    360页;20cm
    
    
    ISBN 7-5008-2331-2:CNY17.00
    
●
相关链接 在E读中查询图书 在五车中查询图书 在当当中查询图书 在豆瓣中查询图书


正题名:共产国际与当代西方社会民主党若干问题研究     索取号:D16/JY7         预约/预借

序号 登录号 条形码 馆藏地/架位号 状态 备注
1 7811556   278115567   学院路分馆/ [索取号:D16/JY7] 在馆    
2 7811557   278115576   学院路分馆/ [索取号:D16/JY7] 在馆    
3 7811558   278115585   学院路分馆/ [索取号:D16/JY7] 在馆    
唐山师范学院图书馆 欢迎您!
大连网信软件有限公司© 版权所有